| 000 | 00844 a2200217 4500 | ||
|---|---|---|---|
| 008 | 080908t xxu||||| |||| 00| 0 eng d | ||
| 010 | _aENG-87659 | ||
| 020 |
_a818360031X _c195.00 |
||
| 035 | _aEN-71192 | ||
| 037 | _bD.B.Act / Pub | ||
| 082 | _a621.381 | ||
| 100 | _aJain, K. C. | ||
| 245 |
_aElectrical and instrumentation _cby K. C. Jain |
||
| 250 | _a2nd ed. | ||
| 260 |
_aNew Delhi _bJain Brothers _c2007 |
||
| 270 |
_a16/873, East Park Road, Karol Bagh _bNew Delhi _e110005 _k011-23618426, 011-23619023 _mjain_bros@hotmail.com |
||
| 300 |
_axx, 391 p. _c24 cm. (Pbk) |
||
| 500 | _aIncludes index | ||
| 942 |
_adpl _cEN _k621.381 / JAI _2ddc _h621.381 _mJAI |
||
| 999 |
_c6780 _d6780 |
||